00531nam a2200145Ia 4500008004100000100002000041245009400061245002000155260005900175650001800234650001500252856002600267999001900293952007300312170221s9999 xx 000 0 und d aPradeep Tewari. aOnline Newspapers Providing Credible Information: A Survey of Indian Online News Readers  cPradeep Tewari. bOnline Journal of Communication and Media Technologies xCommunication xMedia Arts uhttp://www.ojcmt.net/ c312557d312557 001040aCLbCLd2017-02-21l0r2017-02-21 00:00:00w2017-02-21yFOJ